Maltrato entre iguales en la escuela costarricense /
El siguiente artículo es un estudio piloto llevado a cabo con una muestra de estudiantes, que se encuentran entre el 6° y 8° año de estudios, que pretende medir las condiciones generales de las personas a quienes se victimiza, la frecuencia, la frecuencia con que son acosadas, los sitios, cómo se da...
Kaydedildi:
| Yazar: | |
|---|---|
| Diğer Yazarlar: | |
| Materyal Türü: | Metin |
| Konular: | |
| Etiketler: |
Etiketle
Etiket eklenmemiş, İlk siz ekleyin!
|
MARC
| LEADER | 00000 a a2200000 04500 | ||
|---|---|---|---|
| 001 | 46113 | ||
| 003 | |||
| 040 | |||
| 100 | |a Cabezas Pizarro, Hannia | ||
| 245 | |a Maltrato entre iguales en la escuela costarricense / |c Hannia Cabezas Pizarro, Irene Monge Jiménez | ||
| 520 | |a El siguiente artículo es un estudio piloto llevado a cabo con una muestra de estudiantes, que se encuentran entre el 6° y 8° año de estudios, que pretende medir las condiciones generales de las personas a quienes se victimiza, la frecuencia, la frecuencia con que son acosadas, los sitios, cómo se dan las agresiones y a quienes acuden. | ||
| 590 | |a RRH/DICIEMBRE2014 | ||
| 650 | |a EDUCACION | ||
| 650 | |a AGRESION | ||
| 650 | |a ACOSO | ||
| 650 | |a VIOLENCIA | ||
| 650 | |a ENSEÑANZA PRIMARIA | ||
| 650 | |a ENSEÑANZA MEDIA | ||
| 650 | |a COSTA RICA | ||
| 700 | |a Monge Jiménez, Irene | ||
| 773 | |g volumen31, número1 (2007), páginas 135-144 : tablas | ||
| 999 | |c 24308 |d 24308 | ||
